00505 2200193 4500001002100000005001500021008004100036020002200077035001900099041000700118082001000125090001600135100002900151245004300180260004100223300002200264500001100286650001400297INLIS00000000000266120241224112559241224||||||||| | ||| |||| || |  a978-979-769-163-9 0010-1224002661 aid0 a796.8 a796.8 ALI k0 aAliah B Purwakania Hasan00aKi dan Teknik Titik Tekan Saraf Aikido aJakartabRaja Grafindo Persadac2007 axiv+178 hlm;24 cm aCet. 1 0aOlah Raga